000 00890nam a2200241 a 4500
001 BRCA_3736
005 20190320204413.0
008 020930s2001 nyua---##b---#000-0#eng-d
020 _a1892535076
041 _aeng
044 _anyu
050 4 _aTR395
_b.K73 2001
100 1 _aKraus, Hans P.
_cJr.
_99718
245 1 0 _aSun Pictures
_bCatalogue Ten : British Paper Negatives, 1839-1864
_cHans P. Kraus ; text by Larry J. Schaaf ; introduction by Roger Taylor.
260 _aNew York
_bHans P. Kraus, Jr., Inc.
_cc2001
300 _a100 p.
_bil. (algunas a color)
_c28 cm.
500 _aCatálogo de la exposición realizada en la Galería Hans P. Kraus, Jr., Inc., 2 abril - 5 mayo, 2001
504 _aIncluye referencias bibliográficas
650 1 4 _aCalotipo
_vCatálogos
_99719
700 1 _aSchaaf, Larry J.
_d1947-
_99720
700 1 _aTaylor, Roger
_d1940-
_99721
942 _2lcc
_cB
999 _c3465
_d3465